<?xml version="1.0" encoding="UTF-8"?>
<collection xmlns="http://www.loc.gov/MARC21/slim">
 <record>
  <leader>01153nab a2200193 i 4500</leader>
  <controlfield tag="001">univ68960</controlfield>
  <controlfield tag="005">20240129121744.0</controlfield>
  <controlfield tag="008">240129s2024    hu      o     000   hun d</controlfield>
  <datafield tag="040" ind1=" " ind2=" ">
   <subfield code="a">SZTE UnivHistória Repozitórium</subfield>
   <subfield code="b">hun</subfield>
  </datafield>
  <datafield tag="041" ind1=" " ind2=" ">
   <subfield code="a">hun</subfield>
  </datafield>
  <datafield tag="100" ind1="1" ind2=" ">
   <subfield code="a">Ancsin Zsuzsanna</subfield>
  </datafield>
  <datafield tag="245" ind1="1" ind2="0">
   <subfield code="a">Nyílt nappal egybekötött szülői értekezlettel várta a családokat a Szegedi Tudományegyetem</subfield>
   <subfield code="h">[elektronikus dokumentum] /</subfield>
   <subfield code="c"> Ancsin Zsuzsanna</subfield>
  </datafield>
  <datafield tag="260" ind1=" " ind2=" ">
   <subfield code="c">2024-01-27</subfield>
  </datafield>
  <datafield tag="490" ind1="0" ind2=" ">
   <subfield code="a">Szeged.hu</subfield>
  </datafield>
  <datafield tag="561" ind1=" " ind2=" ">
   <subfield code="a">Egyetemi hirarchívum</subfield>
  </datafield>
  <datafield tag="695" ind1=" " ind2=" ">
   <subfield code="a">Rendezvény - nyílt nap és szülői értekezlet, Végzős középiskolai diákok, Középiskolai tanárok, Együttműködés - középiskolák, Továbbtanulás, Pályaválasztás, Pályaorientáció, Egyetemi felvételi, József Attila Tanulmányi és Információs Központ - TIK, Gellén Klára - oktatási rektorhelyettes</subfield>
  </datafield>
  <datafield tag="700" ind1="0" ind2="1">
   <subfield code="a">Kuklis István</subfield>
  </datafield>
  <datafield tag="700" ind1="0" ind2="1">
   <subfield code="a">Kuklis István</subfield>
   <subfield code="e">aut</subfield>
  </datafield>
  <datafield tag="856" ind1="4" ind2="0">
   <subfield code="u">http://univ.bibl.u-szeged.hu/68960/1/Szeged.hu%20-%20Ny%C3%ADlt%20nappal%20egybek%C3%B6t%C3%B6tt%20sz%C3%BCl%C5%91i%20%C3%A9rtekezlettel%20v%C3%A1rta%20a%20csal%C3%A1dokat%20a%20Szegedi%20Tudom%C3%A1nyegyetem.pdf</subfield>
   <subfield code="z">Dokumentum-elérés </subfield>
  </datafield>
 </record>
</collection>
